Short-stories of Katherine Mansfield : (Record no. 20799)

MARC details
000 -LEADER
fixed length control field 01032nam a2200253 a 4500
005 - DATE AND TIME OF LATEST TRANSACTION
control field 20070323134202.0
008 - FIXED-LENGTH DATA ELEMENTS--GENERAL INFORMATION
fixed length control field 060906s2007 ii b 001 0 eng
010 ## - LCCN (DPL NO)
LC control number ENG-92430
020 ## - INTERNATIONAL STANDARD BOOK NUMBER
International Standard Book Number 8179751481
Terms of availability 700.00
035 ## - SYSTEM CONTROL NUMBER
System control number EN-75963
037 ## - SOURCE OF ACQUISITION
Source of stock number/acquisition DBAD / PUB
040 ## - CATALOGING SOURCE
Original cataloging agency dpl
Language of cataloging English
082 ## - DEWEY DECIMAL CLASSIFICATION NUMBER
Classification number 883.08
100 ## - MAIN ENTRY--PERSONAL NAME
Personal name Anand Murty, A. S.
245 ## - TITLE STATEMENT
Title Short-stories of Katherine Mansfield :
Remainder of title development of technique /
Statement of responsibility, etc by A.S. Anand Murty.
260 ## - PUBLICATION, DISTRIBUTION, ETC. (IMPRINT)
Place of publication, distribution, etc New Delhi :
Name of publisher, distributor, etc Anamika Publishers & Distributors,
Date of publication, distribution, etc 2007.
300 ## - PHYSICAL DESCRIPTION
Extent xx, 307 p. ;
Dimensions 23 cm (Hb)
504 ## - BIBLIOGRAPHY, ETC. NOTE
Bibliography, etc Includes bibliographical references and index.
600 ## - SUBJECT ADDED ENTRY--PERSONAL NAME
Personal name Mansfield, Katherine,1888-1923.
General subdivision Technique.
651 ## - SUBJECT ADDED ENTRY--GEOGRAPHIC NAME
Geographic name New Zealand
General subdivision Social life and customs
-- Fiction.
651 ## - SUBJECT ADDED ENTRY--GEOGRAPHIC NAME
Geographic name Europe
General subdivision Social life and customs
-- Fiction.
942 ## - ADDED ENTRY ELEMENTS (KOHA)
Source of classification or shelving scheme Dewey Decimal Classification
Item type English Books
Classification part 883.08
Call number suffix MUR
Holdings
Withdrawn status Lost status Source of classification or shelving scheme Damaged status Not for loan Collection code Home library Current library Date acquired Source of acquisition Cost, normal purchase price Total Checkouts Full call number Barcode Date last seen Copy number Cost, replacement price Koha item type
    Dewey Decimal Classification   Not For Loan Non-fiction D.B.Act.Division D.B.Act.Division 09/01/2009 DBAB / PUB 700.00   883.08 MUR EN-75963 09/01/2009 1 700.00 English Books

© Delhi Public Library
Hit Counter
free hit counter